Countries with the Most Swiss People - Statistics

General Stats
  • This quiz has been taken 387 times
  • The average score is 26 of 33
Answer Stats
# of Swiss Country % Correct
84,671 Germany
100%
194,474 France
99%
78,696 United States
99%
51,353 Italy
98%
6,321,692 Switzerland
97%
15,542 Austria
96%
39,618 Canada
95%
32,529 United Kingdom
95%
24,474 Spain
94%
24,584 Australia
91%
3,343 Portugal
91%
5,437 Sweden
91%
15,497 Brazil
89%
7,734 Netherlands
89%
2,460 Norway
89%
7,857 Belgium
88%
3,279 Denmark
85%
5,195 Mexico
85%
15,893 Argentina
84%
6,939 New Zealand
83%
3,598 Liechtenstein
82%
3,182 Greece
80%
3,795 Turkey
74%
5,081 Chile
72%
2,537 Colombia
70%
9,504 South Africa
70%
3,081 Peru
65%
8,538 Thailand
61%
17,958 Israel
55%
3,258 Singapore
54%
2,678 United Arab Emirates
53%
3,473 Philippines
39%
2,163 Dominican Republic
28%
No matching quizzes found
Score Distribution
Percent of People with Each Score
Percentile by Number Answered
Your Score History
You have not taken this quiz